| 000 | 00829nam a2200229 a 4500 | ||
|---|---|---|---|
| 001 | 000020845 | ||
| 005 | 20200930011157.0 | ||
| 008 | 100818s1977 mx 000 0 spa d | ||
| 040 |
_aDO-SdBNP _bspa _cBNPHU |
||
| 082 |
_a185 _bA717ó, 1977 |
||
| 100 | 1 |
_aAristóteles, _d384 a. C.-322 a. C. _943694 |
|
| 245 | 1 | 0 |
_aObras filosóficas : _bMetafísica - Ética - Política - Poética / _cAristóteles ; Selección y estudio preliminar Francisco Romero ; Traducción Lilia Segura. |
| 250 | _a10a ed. | ||
| 260 |
_aMéxico : _bCumbre, _c1977. |
||
| 300 |
_axxxiii, 1-373 p. ; _c21 cm. |
||
| 490 | 1 | _aLos clásicos | |
| 600 | 1 | 0 |
_aARISTÓTELES _y384-322 a. C. _943695 |
| 650 | 4 |
_aFilosogía griega _936164 |
|
| 700 | 1 |
_aRomero, Francisco, _d1891-1962 _942056 |
|
| 700 | 1 |
_aSegura, Lilia, _etd. _943696 |
|
| 830 | 0 |
_aLos clásicos _943697 |
|
| 999 |
_c20348 _d20348 |
||